Countries chain game #2 - Statistics

General Stats
  • This quiz has been taken 1,214 times
  • The average score is 17 of 23
Answer Stats
Hint Answer % Correct
World's largest country Russia
98%
Dubai, Abu Dhabi.... United Arab Emirates
92%
England, Scotland... United Kingdom
88%
Doha Qatar
87%
Copenhagen Denmark
86%
Bangkok Thailand
86%
Cote d'Ivoire Ivory Coast
84%
Only country where Kurdish is an official language Iraq
83%
Baku is it's capital Azerbaijan
82%
Only African country that starts with "D" * Djibouti
82%
African island country in Indian Ocean Seychelles
81%
The gift of Nile Egypt
80%
Oceanian country Nauru
77%
Hellenic Republic Greece
69%
Benelux country Luxembourg
69%
Country on the Dead sea Israel
67%
Country surounded by South Africa and Mozambique Swaziland
62%
"The Warm Heart of Africa" Malawi
54%
Formerly known as the Ellice Islands Tuvalu
54%
Only country where Bokikokiko bird lives Kiribati
53%
Smallest sovereign state in Americas Saint Kitts and Nevis
49%
Honiara Solomon Islands
41%
Southern and eastern border of the Caribbean sea Saint Vincent and the Grenadines
32%
No matching quizzes found
Score Distribution
Percent of People with Each Score
Percentile by Number Answered
Your Score History
You have not taken this quiz